Statistics for Most Detailed National Flags

Click here to take the quiz!

General Stats

  • This quiz has been taken 16 times
  • The average score is 25 of 32

Answer Stats

Answer% Correct
Afghanistan
91%
Serbia
91%
Dominican Republic
82%
Argentina
82%
Portugal
82%
Egypt
82%
Liechtenstein
82%
Vatican City
82%
Malta
82%
Cambodia
82%
San Marino
82%
Iran
82%
Croatia
82%
Bhutan
82%
Mexico
82%
Montenegro
82%
Spain
82%
Turkmenistan
82%
Moldova
73%
Paraguay
73%
Ecuador
73%
Brunei
73%
Fiji
73%
El Salvador
73%
Andorra
73%
Guatemala
73%
Nicaragua
73%
Haiti
64%
Sri Lanka
64%
Belize
64%
Oman
64%
Dominica
64%

Score Distribution

Percentile by Number Answered

Percent of People with Each Score

Your Score History

You have not taken this quiz